地中海游 (Record no. 21690)

000 -LEADER
fixed length control field 00447nam a22001937a 4500
003 - CONTROL NUMBER IDENTIFIER
control field MPLRDC
005 - DATE AND TIME OF LATEST TRANSACTION
control field 20220104124729.0
008 - FIXED-LENGTH DATA ELEMENTS--GENERAL INFORMATION
fixed length control field 210129b ||||| |||| 00| 0 eng d
020 ## - INTERNATIONAL STANDARD BOOK NUMBER
International Standard Book Number 962-317-003-3
082 ## - DEWEY DECIMAL CLASSIFICATION NUMBER
Classification number 719 CWZ
100 ## - MAIN ENTRY--PERSONAL NAME
Personal name 陈韦志
245 ## - TITLE STATEMENT
Title 地中海游
Statement of responsibility, etc.
250 ## - EDITION STATEMENT
Edition statement 港一版
260 ## - PUBLICATION, DISTRIBUTION, ETC.
Place of publication, distribution, etc.
Name of publisher, distributor, etc. 专业出版社
Date of publication, distribution, etc. 1987
300 ## - PHYSICAL DESCRIPTION
Other physical details
490 ## - SERIES STATEMENT
Series statement 旅游线系列
650 ## - SUBJECT ADDED ENTRY--TOPICAL TERM
Topical term or geographic name entry element 地中海游记
942 ## - ADDED ENTRY ELEMENTS (KOHA)
Koha item type Book
-- 719 CWZ
Holdings
Withdrawn status Lost status Source of classification or shelving scheme Damaged status Not for loan Collection code Home library Current library Shelving location Date acquired Cost, normal purchase price Total Checkouts Full call number Barcode Date last seen Date last checked out Price effective from Koha item type Public note
            Malaysian Public Library, Research and Development Centre Malaysian Public Library, Research and Development Centre   10/12/2007 13.00   719 CWZ 00021760 17/03/2021 21/08/2016 17/03/2021 Book mplrdc

© 2022. Malaysian Public Library, Research and Development Centre. All Right ReservedE-mailmplrdc@help.edu.my 

Powered by Koha